000 00206 a2200085 4500
999 _c216394
_d216394
020 _a9781446256091
100 _aTREADWELL, James
245 _aCriminology : the essentials
260 _bSAGE : Los Angeles
_c2013